000 00845nam a2200277Ia 4500
003 OSt
005 20221005073933.0
006 a|||||r|||| 00| 0
007 ta
008 221004b |||||||| |||| 00| 0 eng d
020 _a8173917248
_c395
024 _a81688
037 _b1553, 31/03/2005, P.T. Book International
_cTextual
040 _aCRL
_cCRL
_beng
041 _2eng
_aeng
082 _a4:(R44), P5
100 _aMurthy D.V.R
_9447489
245 0 _aMedia and accountability
_b An overview
260 _aNew Delhi
_bKanishka Publishers Distributors India
_c2005
300 _a136p.
_ccm.
650 _a PHILOSOPHY
650 _a PROFESSIONAL ETHICS
_913764
650 _aJOUNRALISM
_93876
942 _h4:(R44), P5
_cTEXL
_2cc
999 _c981956
_d981956